000 00581nam a2200229Ia 4500
005 20250108124858.0
008 008 250107s9999 xx 000 0 eng d
020 _a978-93-92048-04-3
037 _aTB
040 _aCRL
_beng
_cCRL
041 _afre
_2eng
084 _a2 152N9
084 _qCRL
100 _aErnaux Annie Au.
_9730020
245 0 _aLevenement
_cErnaux Annie Au.
260 _c2537
300 _a114p.
365 _aINR
_b200
650 _aFrenchFRENCH FICTIONFRENCH LITERATURE
_9730021
942 _cTB
_h2 152N9
999 _c1234925
_d1234925